[Event "Christmas Open"]
[Site "?"]
[Date "1976.12.28"]
[Round "3"]
[White "Bailey, B."]
[Black "Fitzpatrick, S."]
[Result "1/2-1/2"]
[WhiteElo "2029"]
[BlackElo "1880"]
[Annotator "Stockfish 13 (15s)"]
[PlyCount "117"]

{B05: Alekhine's Defence: 4 Nf3 Bg4} 1. e4 Nf6 2. e5 Nd5 3. d4 d6 4. Nf3 Bg4 5.
Be2 Nc6 6. c4 Nb6 7. exd6 exd6 8. b3 Be7 9. Bb2 Bf6 10. O-O O-O 11. Nbd2 (11.
h3 Bh5 12. Na3 Re8 13. Nc2 Bg6 14. Bd3 Bxd3 15. Qxd3 a5 16. Rab1 Nb4 17. Qd2
Nxa2 18. Ra1 Nb4 19. Nxb4 axb4 20. Qxb4 Rxa1 21. Rxa1 Re2 22. Qc3 Nd7 23. Re1
Qe7 24. Rxe2 Qxe2 25. Qd2 Qxd2 {
Knyazkov,M-Bini,G playchess.com INT 2004 1/2-1/2 (69)}) 11... Re8 12. Re1 d5
$146 (12... a5 13. a3 Qd7 14. Qc2 Bf5 15. Bd3 Bxd3 16. Qxd3 Re7 17. Rxe7 Nxe7
18. Ne4 Qf5 19. Nxf6+ Qxf6 20. Re1 Ng6 21. Bc1 h6 22. Qe4 c6 23. Be3 d5 24. Qd3
Qd8 25. c5 Nd7 26. Qf5 Ndf8 27. Bf4 {
Rodrigues,R-Dantas,C (2180) Odivelas 1995 1/2-1/2 (42)}) (12... Ne7 13. h3 Bxf3
14. Nxf3 Nf5 15. Qd3 Qd7 16. Nh2 Nh4 17. Bg4 Qd8 18. g3 Ng6 19. h4 Nf8 20. Bf3
c6 21. Ng4 Ne6 22. Re2 d5 23. Rae1 Rf8 24. Ba3 dxc4 25. bxc4 Bxd4 26. Kg2 Bc5
27. Qxd8 {Geukes,R-Porte,H Vlissingen 2000 0-1 (40)}) (12... Qd7 13. Qc1 Re7
14. d5 Ne5 15. Nxe5 Bxe5 16. Bxg4 Qxg4 17. Bxe5 Rxe5 18. Rxe5 dxe5 19. Qc3 f6
20. h3 Qd7 21. Ne4 c6 22. d6 f5 23. Ng3 Qxd6 24. Nxf5 Qf6 25. Ng3 Rf8 26. Qe3
Qf4 27. Rd1 {Rostalski,W (2270)-Ritscher,J Germany 1992 1-0 (55)}) 13. c5 (13.
h3 Bf5 $11) 13... Nc8 (13... Nd7 14. Qc2 $15) 14. Nf1 (14. h3 Bf5 $14) 14...
Bxf3 $11 15. Bxf3 Rxe1 16. Qxe1 Bxd4 (16... N8e7 $5 17. Rd1 Nf5 $11) 17. Bxd4
$14 Nxd4 18. Bxd5 Nc2 $4 (18... c6 $142 19. Bc4 Nb6 20. cxb6 Nc2 $14) 19. Qd1
$18 Ne7 20. Bxf7+ $1 (20. Qxc2 $6 Qxd5 21. Rd1 Qe6 $11) 20... Kxf7 21. Qxc2 Kg8
22. Rd1 Qe8 23. Re1 (23. Qc4+ $142 Kh8 24. Re1 Qd8 $18) 23... Qf7 24. Nd2 Rf8 (
24... Nd5 25. Nf3 Qf6 26. Qe2 $16) 25. Nf3 Ng6 (25... Nd5 26. a3 $18) 26. Qe4
c6 (26... b6 $142 $18) 27. Qe6 (27. Re3 $142 $5 $18) 27... Qxe6 $16 28. Rxe6
Nf4 29. Re3 (29. Rd6 Ne2+ 30. Kf1 Nc3 $16) 29... Rf5 (29... Rd8 30. h4 Nd3 31.
Re7 Nxc5 32. b4 $14) 30. b4 Rd5 (30... a5 $5 31. Re8+ Kf7 $16) 31. g3 Rd1+ 32.
Re1 Ne2+ $2 (32... Rxe1+ $142 $5 33. Nxe1 Nd5 $16) 33. Kf1 $18 Rxe1+ 34. Nxe1
$4 (34. Kxe1 $142 Nc3 35. a3 $18) 34... Nc3 $11 35. a3 Kf7 36. Nc2 Ke6 37. Ke1
Kd5 38. Kd2 Kc4 39. Ne3+ Kb3 40. Nf5 g6 41. Nd4+ Kb2 42. Kd3 Nd1 $4 (42... Na4
43. Kc4 Kxa3 44. Nc2+ Ka2 45. Ne1 Nb2+ 46. Kd4 $11) 43. f4 (43. b5 $142 Nxf2+
44. Kc4 cxb5+ 45. Nxb5 $18) 43... Kxa3 $11 44. b5 cxb5 45. Nxb5+ Kb4 46. c6
bxc6 (46... Kxb5 47. cxb7 Nb2+ 48. Kd4 $18) 47. Nxa7 c5 48. Nc6+ Kb3 49. Ne5
Nb2+ {Black prepares the advance c4} 50. Kd2 c4 51. g4 c3+ 52. Kc1 Na4 53. f5
gxf5 54. gxf5 Nc5 55. f6 c2 56. Kd2 Ne4+ 57. Kc1 Nxf6 58. Nf3 Kc3 59. Ne1
1/2-1/2

[Event "Christmas Open"]
[Site "?"]
[Date "1976.12.28"]
[Round "4"]
[White "Ditzel, C."]
[Black "Bailey, B."]
[Result "0-1"]
[WhiteElo "1893"]
[BlackElo "2029"]
[Annotator "Stockfish 14 (15s)"]
[PlyCount "76"]

{A17: English Opening: 1...Nf6 with ...Bb4} 1. c4 Nf6 2. Nc3 e6 3. Nf3 d5 4.
cxd5 exd5 5. g3 c6 6. Bg2 Bd6 7. O-O O-O 8. d3 Re8 9. Qc2 (9. Re1 Nbd7 10. e4
dxe4 11. dxe4 Qc7 12. b3 Bb4 13. Bb2 Bxc3 14. Bxc3 Rxe4 15. Rxe4 Nxe4 16. Be5
Nxe5 17. Nxe5 Nf6 18. Nc4 Be6 19. Ne3 Rd8 20. Qe2 h6 21. Rd1 Rxd1+ 22. Qxd1 Kf8
23. Qc2 Qa5 {Le,D (1378)-Rausch,E (1642) Berlin 2006 0-1 (35)}) 9... Nbd7 10.
e4 dxe4 11. dxe4 Ne5 $146 (11... Qc7 12. Bd2 h6 13. Rfe1 Ne5 14. Nxe5 Bxe5 15.
Rac1 Bg4 16. Be3 a6 17. Nd5 Qd8 18. Nb6 Rb8 19. f3 Be6 20. Rcd1 Nd7 21. Nxd7
Bxd7 22. Bh3 f5 23. Bxf5 {1-0 (23) Fahrner,R-Zimmermann,G Lienz 1988}) (11...
Nc5 12. Nh4 Be5 13. Rd1 $11) 12. Nxe5 $14 Bxe5 13. Bg5 (13. h3 Qe7 14. Bd2 Bd4
$14) 13... h6 14. Rad1 (14. Be3 Bxc3 15. bxc3 Qe7 $11) 14... Qe7 15. Bxf6 (15.
Bc1 Be6 $11) 15... Qxf6 (15... Bxf6 16. Kh1 $15) 16. Rd3 (16. f4 $142 $5 Bd4+
17. Kh1 $11) 16... Be6 $17 17. Rfd1 Rad8 18. Ne2 Bc7 (18... Bxa2 $4 19. b3 Bxb3
20. Qxb3 (20. Rxb3 $6 Rxd1+ 21. Qxd1 Rd8 $18) 20... Rxd3 21. Rxd3 $18 (21. Qxd3
$143 Bc7 $18)) 19. f4 (19. b3 Bb6 20. Nf4 Bg4 21. Rxd8 Rxd8 22. Rxd8+ Qxd8 $17)
19... Bb6+ (19... Bxa2 $2 20. b3 Bb6+ 21. Kh1 Rxd3 22. Rxd3 $18) 20. Kh1 Rxd3 (
20... Bxa2 $2 21. b3 Bxb3 22. Qxb3 (22. Rxb3 $6 Rxd1+ 23. Qxd1 Rd8 $18) 22...
Rxd3 23. Rxd3 $18 (23. Qxd3 $6 Rd8 24. Qb3 Rxd1+ 25. Qxd1 Qe7 $18)) 21. Rxd3
Rd8 (21... Bxa2 $2 22. b3 Rd8 23. e5 $18) 22. h3 $4 (22. Rxd8+ $142 Bxd8 23. f5
$17) 22... Rxd3 $19 23. Qxd3 Qxb2 24. a3 Qa2 25. Bf3 (25. Bf1 Bc4 26. Qf3 Qb2
$19) 25... Qb3 (25... Bc4 $142 $5 26. Qd1 Qxa3 27. Nc1 $19) 26. Nc1 (26. Qxb3
Bxb3 27. Bg4 Bc5 $19) 26... Qxd3 (26... Qb2 $142 27. Ne2 Qa2 28. a4 Qxa4 29.
Kh2 $19) 27. Nxd3 Bxh3 28. Kh2 (28. Be2 Be6 $19) 28... Bd7 (28... Bf1 29. Nc1
$19) 29. Ne5 Be8 (29... Be6 30. f5 Bb3 31. Nd7 $19) 30. Bg4 (30. Nc4 Bc7 31. e5
Kf8 $19) 30... f6 31. Be6+ (31. Nc4 Bc5 32. e5 fxe5 33. fxe5 Kf8 $19) 31... Kf8
32. Nd3 {White prepares the advance e5} c5 (32... Bd4 33. Bb3 $19) 33. e5 (33.
Bd5 Ke7 $19) 33... Bb5 34. Nb2 fxe5 35. fxe5 Bc7 36. a4 Be2 37. Bc4 (37. Bd5
Bxe5 38. Nc4 Bc7 $19) 37... Bxc4 38. Nxc4 Ke7 0-1

[Event "Christmas Open"]
[Site "?"]
[Date "1976.12.29"]
[Round "5"]
[White "Torkar, P."]
[Black "Bailey, B."]
[Result "1/2-1/2"]
[WhiteElo "2067"]
[BlackElo "2029"]
[Annotator "Stockfish 14 (15s)"]
[PlyCount "228"]

{C27: Vienna Game: 2...Nf6 3 Bc4 Nxe4} 1. e4 e5 2. Bc4 Nf6 3. Nc3 Nxe4 4. Qh5
Nd6 5. Bb3 Be7 6. Qxe5 O-O 7. Nf3 Nc6 (7... Bf6 8. Qf4 Re8+ 9. Kd1 Nc6 10. d3
Ne7 11. Nd5 Nxd5 12. Bxd5 a5 13. g4 g6 14. h4 a4 15. Qb4 Ra6 16. Rb1 c6 17.
Qxd6 cxd5 18. Qg3 Qe7 19. Be3 d4 20. Bxd4 Qe2+ 21. Kc1 Rc6 22. c3 {
Vacek,M-Krejci,J (2078) Havlickuv Brod 2006 0-1 (32)}) 8. Qf4 Bf6 $146 (8... b5
9. O-O Na5 10. d3 Nxb3 11. axb3 Bb7 12. Be3 a6 13. Rfe1 Re8 14. Bc5 Nc8 15.
Bxe7 Nxe7 16. Nd4 d6 17. Nf5 Qd7 18. Rxe7 Rxe7 19. Nxe7+ Qxe7 20. Qe3 Qxe3 21.
fxe3 f5 22. Rf1 Rf8 23. Ne2 {
Wustefeld,E (2335)-Pedersen,N (2471) Dieren 2004 1/2-1/2 (38)}) (8... Na5 9.
O-O Nxb3 10. axb3 $11) 9. d4 Ne7 10. Nd5 (10. O-O $5 $14) 10... Nxd5 $11 11.
Bxd5 Ne8 12. Bd2 c6 13. Be4 d5 14. Bd3 Nc7 15. O-O-O Ne6 16. Qe3 Re8 17. Rhe1
Bd7 18. Ne5 Bg5 (18... Nc5 $1 $11) 19. Qh3 $16 Bxd2+ 20. Kxd2 g6 21. c3 Nc5 $2
(21... f6 $142 $5 22. Nxd7 Qxd7 $11) 22. Qf3 $16 Qg5+ 23. Kc2 f6 24. Nxd7 Nxd7
25. g3 (25. g4 $5 Qh4 26. h3 $16) 25... f5 $14 26. h4 (26. Qg2 Nf6 $14) 26...
Qh6 (26... Qg4 $5 27. Qh1 Nf6 $14) 27. h5 Rxe1 $2 (27... Nf6 $142 $5 28. hxg6
hxg6 $16) 28. Rxe1 $18 Qg7 $4 (28... Qg5 $142 $18) 29. hxg6 hxg6 30. g4 Rf8 (
30... fxg4 31. Qxg4 Rf8 $18) 31. gxf5 gxf5 (31... g5 32. Re6 $18) 32. Bxf5 (32.
Qf4 $142 Rf7 33. Re3 $18) 32... Qg5 33. Be6+ Kg7 34. Qe2 Re8 (34... Qg2 35. f4
Qxe2+ 36. Rxe2 Rd8 $18) 35. f4 (35. Kb3 $142 Nf6 36. Qf3 Re7 $18) 35... Qg3 (
35... Qxf4 36. Rf1 Qxf1 37. Qxf1 Rxe6 $18) 36. Qe3 (36. Kb3 $142 Re7 37. Qh5
$18) 36... Qxe3 $11 37. Rxe3 Kf6 38. f5 Nf8 39. Rh3 Nxe6 40. fxe6 Rxe6 41. Rh6+
Kf5 42. Rh7 b5 43. Rxa7 Re2+ 44. Kb3 Ke6 45. Rh7 Kd6 46. Ka3 Rc2 47. Kb3 Re2
48. Rg7 Rf2 49. Ka3 Rc2 50. Rf7 Rd2 51. Rb7 Rc2 52. Ra7 Ke6 53. Rh7 Kd6 54. Rh1
Kc7 55. Kb3 Rd2 56. Rc1 Kb6 57. Rc2 Rd3 58. Kb4 Rd1 59. b3 Rb1 60. Rg2 Ra1 61.
Rb2 Rc1 62. a4 bxa4 63. bxa4 Ra1 64. Rb3 Ra2 65. Rb1 Kc7 66. Kb3 Rh2 67. a5 Rh8
68. Ka4 Rh2 69. Rg1 Ra2+ 70. Kb4 c5+ $4 (70... Kd7 71. Rg7+ Kd6 72. Rg3 $11)
71. dxc5 (71. Kb5 $142 Ra3 72. Rg7+ Kd6 73. dxc5+ Ke6 74. a6 $18) 71... Rb2+
$11 72. Ka3 Rb5 73. Ka4 Rxc5 74. Rg7+ Kb8 75. Kb4 Rc4+ 76. Kb3 Rc5 77. a6 Rc6
78. a7+ Ka8 79. Rd7 Rc5 80. Kc2 Ra5 81. Kd3 Rc5 82. Kd2 Ra5 83. Ke3 Rc5 84. Kd3
Rc6 85. Kd4 Rc4+ 86. Kd3 Rc6 87. Rxd5 Kxa7 88. Kd4 Kb7 89. Rb5+ Ka7 90. c4 Rh6
91. Kc5 Rh5+ 92. Kc6 Rh6+ 93. Kc7 Rh7+ 94. Kd6 Rh6+ 95. Ke7 Rc6 96. Rb4 Rh6 97.
c5 Rc6 98. Rc4 Kb7 99. Kd7 Rc7+ 100. Kd6 Rc6+ 101. Kd5 Kc7 102. Rh4 Rg6 103.
Rh7+ Kc8 104. Re7 Rh6 105. Ra7 Rg6 106. Ra8+ Kc7 107. Rf8 Rh6 108. Rf7+ Kc8
109. Kc4 Rh4+ 110. Kb5 Rh6 111. Ra7 Rg6 112. Ra8+ Kc7 113. Rf8 Rh6 114. Rf5 Rg6
1/2-1/2

[Event "U of W Open"]
[Site "?"]
[Date "1977.04.02"]
[Round "1"]
[White "Baran, D."]
[Black "Bailey, B."]
[Result "1/2-1/2"]
[WhiteElo "1612"]
[BlackElo "2038"]
[Annotator "Stockfish 12 (15s)"]
[PlyCount "111"]

{D60: Queen's Gambit Declined: Classical: Unusual White 7th moves} 1. d4 d5 2.
c4 e6 3. Nc3 Nf6 4. Bg5 Be7 5. Nf3 c6 6. e3 Nbd7 7. Bd3 h6 8. Bh4 O-O 9. O-O
dxc4 10. Bxc4 Nd5 11. Bxe7 Qxe7 12. e4 Nxc3 (12... N5f6 13. Re1 Rd8 14. Qb3 b5
15. Bf1 Bb7 16. e5 Ne8 17. Ne4 a6 18. Rac1 Rac8 19. Qe3 Qb4 20. a3 Qe7 21. Bd3
Qf8 22. Bb1 Rc7 23. Nfd2 a5 24. h4 Qe7 25. Nf3 c5 26. dxc5 f5 27. exf6 {
Banikas,H (2375)-Koukos,I Aegina 1995 1-0 (37)}) 13. bxc3 e5 14. Re1 Re8 $146 (
14... exd4 15. cxd4 Nb6 16. Bb3 Bg4 17. h3 (17. Qd3 Rad8 18. Ne5 (18. Rad1 Qb4
19. a3 Qa5 20. Qe3 Bxf3 21. gxf3 Kh8 22. Ba2 Qh5 23. Kh1 Rd6 24. Rg1 Re8 25. f4
Nd5 26. Bxd5 cxd5 27. e5 Ra6 28. Rc1 Qf5 29. f3 Rc8 30. Rxc8+ Qxc8 31. Qd3 g6
32. Qb3 Qc6 {Buechele,W-Blocher,J (2063) Austria 1999 1-0 (42)}) 18... Qxe5 19.
Qe3 Qxd4 20. Qg3 Be6 21. Red1 Qf6 22. e5 Qg5 23. Bxe6 Qxg3 24. Bxf7+ Kxf7 25.
hxg3 Rxd1+ {0-1 (25) Lea,T-Pecori,A (2115) Mount Buller 2005}) 17... Bh5 18. g4
Bg6 19. Ne5 Bh7 20. Qf3 Rad8 21. Rad1 Rd6 22. Qg3 Rdd8 23. f4 Kh8 24. f5 Nd7
25. Nxd7 Rxd7 26. e5 Bg8 27. Qf4 Qh4 28. Kg2 Rfd8 29. Re2 {
Ayas Fernandez,A (2271)-Serrano Aspa,P (2074) Barcelona 2000 1-0 (32)}) (14...
b5 15. Bd3 $14) 15. Qb3 (15. a4 $142 $16) 15... Nb6 $2 (15... b5 $142 16. Bd3
a5 $11) 16. Nxe5 $18 Nxc4 17. Qxc4 (17. Nxc4 $143 Be6 18. a4 Rac8 $15) 17...
Be6 18. Qe2 (18. Qa4 a5 $18) 18... Rad8 19. f4 (19. a4 Qc7 $18) 19... f6 20.
Ng6 (20. Nd3 $5 Bd5 21. e5 a5 $18) 20... Qf7 $16 21. f5 $4 (21. Nh4 $142 f5 22.
e5 $16) 21... Bxf5 $19 22. Nh4 (22. exf5 Rxe2 23. Rxe2 Kh7 $19) 22... Bxe4 23.
Qg4 (23. h3 Bh7 24. Qb2 a5 $19) 23... Bh7 (23... f5 24. Qe2 c5 25. dxc5 $19)
24. Rf1 (24. h3 Qd5 $19) 24... Re4 25. Qg3 Rde8 26. Rae1 (26. h3 Re3 27. Rf3
Rxf3 28. Nxf3 Qc4 $19) 26... Rxe1 27. Rxe1 Rxe1+ 28. Qxe1 Kf8 (28... Bc2 $142
29. a3 $19) 29. Qg3 Qe7 30. h3 (30. Nf3 Qe3+ 31. Kh1 Be4 32. Qb8+ Kf7 33. Qxa7
Qc1+ 34. Ng1 Qb2 $19) 30... a6 (30... b5 $142 31. Qg4 Bb1 32. Qf4 $19) 31. Nf3
Bb1 32. Qf2 (32. a4 Kg8 33. Qb8+ Kh7 $19) 32... Be4 (32... b5 33. Ne5 Qe6 34.
a3 $19) 33. Ne5 (33. Qg3 Kg8 $19) 33... Kg8 34. Ng4 Bd5 (34... Qe6 35. Qd2 a5
36. a3 $19) 35. Qg3 (35. Ne3 Be4 $19) 35... Kh7 36. Qf2 Qe4 37. Kh2 (37. a3 Qd3
38. Qe1 h5 $19) 37... h5 (37... b5 $142 $5 38. a3 Qe7 39. Ne3 Qd6+ 40. Qg3 Qxa3
41. Qf4 Qxc3 42. Qf5+ Kh8 43. Qc8+ Bg8 44. Nf5 $19) 38. Ne3 Bxa2 (38... Bf7
$142 39. Nf5 Qe6 40. a3 $19) 39. Qxa2 Qxe3 40. Qf7 (40. Qb1+ Kh6 41. Qxb7 Qf4+
42. Kg1 Qc1+ 43. Kh2 Qxc3 44. Qxa6 h4 $19) 40... Kh6 (40... b5 $142 41. Qxh5+
Kg8 42. Qc5 $19) 41. Qxb7 Qxc3 42. Qxa6 Qxd4 $4 (42... Qc2 $142 $19) 43. Qxc6
$11 Qe5+ 44. Kg1 Kg5 45. Qc1+ Qf4 46. Qc5+ Kh4 47. Qe7 $4 (47. Qa7 Qh6 $11)
47... g6 (47... Qd4+ 48. Kf1 Kg3 49. Qxg7+ Kh2 50. Qc7+ Kh1 $19) 48. Qe1+ $11
Kg5 49. Qa5+ Qe5 50. Qd2+ Kf5 51. Qd3+ Qe4 52. Qd7+ Kf4 53. Qd6+ Qe5 54. Qb4+
Ke3 55. Qe1+ Kd3 56. Qb1+ 1/2-1/2

[Event "U of W Open"]
[Site "?"]
[Date "1977.04.02"]
[Round "2"]
[White "Bailey, B."]
[Black "Blachly, D."]
[Result "1/2-1/2"]
[WhiteElo "2038"]
[BlackElo "1903"]
[Annotator "Stockfish 12 (20s)"]
[PlyCount "145"]

{B92: Sicilian Najdorf: 6 Be2} 1. e4 c5 2. Nf3 d6 3. d4 cxd4 4. Nxd4 Nf6 5. Nc3
a6 6. Be2 b5 7. Bf3 e5 8. Nb3 (8. Nde2 Bb7 9. Ng3 Nbd7 10. O-O b4 11. Nb1 Nc5
12. Re1 g6 13. a3 a5 14. Nd2 h5 15. h3 Be7 16. b3 O-O 17. Bb2 Qc7 18. Re3 h4
19. Ngf1 Nh7 20. Re1 Bg5 21. Nc4 Rad8 22. Nfd2 Bf4 {
Hardicsay,P (2350)-Yewdokimov,O Werfen 1989 1-0 (41)}) 8... Be6 (8... Bb7 9.
O-O Be7 10. Nd5 Nxd5 11. exd5 O-O 12. Be3 Nd7 13. Qd2 f5 14. Qd1 e4 15. Be2 f4
16. Bc1 Nb6 17. Bg4 Bxd5 18. Nd4 Rf6 19. b3 Kh8 20. Bb2 Rf7 21. Be6 Bxe6 22.
Nxe6 Qg8 23. Nxg7 {Nguyen Quoc Thanh-Bui Trung Hieu Phu Dong 2004 0-1 (35)}) 9.
a3 $146 (9. Bg5 Nbd7 10. O-O (10. Nd5 h6 11. Be3 Rc8 12. O-O Bxd5 13. exd5 Be7
14. Nd2 O-O 15. b3 Nh7 16. g3 f5 17. Kh1 g5 18. Nb1 e4 19. Bg2 Bf6 20. Bd4 Bxd4
21. Qxd4 Rxc2 22. Na3 Rc8 23. Rac1 Qb6 24. Qd2 Ne5 {
Lallemand,D (1780)-Gaillard,M (2089) Fontenay le Fleury 2003 0-1}) 10... Be7
11. Re1 Nb6 12. Nd2 Rc8 13. Ne2 Qc7 14. c3 Na4 15. Qc2 O-O 16. Ng3 h6 17. Bxf6
Bxf6 18. Ndf1 g6 19. Ne3 Nb6 20. Rac1 h5 21. h3 Bg5 22. Ngf1 Nc4 23. b3 Nxe3 {
Dragicevic,D (1976)-Dehlin,G Malmo 2003 1/2-1/2 (65)}) (9. O-O Be7 10. Be3 Nbd7
11. Ne2 O-O 12. Ng3 g6 13. Re1 Qc7 14. h3 Rfc8 15. Re2 Nb6 16. c3 Nc4 17. Bg5
a5 18. Nc1 Rab8 19. Nd3 Rd8 20. Qe1 Rdc8 21. Nf1 Nb6 22. Ne3 Na4 23. Bxf6 Bxf6
{Majstorovic,L-Simonovic,B Ljubljana 1951 1/2-1/2 (49)}) (9. a4 $5 bxa4 10.
Rxa4 $16) 9... Nbd7 10. O-O (10. a4 bxa4 11. Rxa4 Nb6 $14) 10... Be7 11. Re1
Qc7 12. Bg5 h6 13. Bxf6 (13. Be3 $5 $11) 13... Nxf6 $17 (13... Bxf6 $143 14. a4
bxa4 15. Rxa4 $11) 14. Rc1 (14. Nd2 O-O $15) 14... O-O 15. Nd2 Rac8 (15... Rab8
16. Nd5 Nxd5 17. exd5 $17) 16. Nf1 Rfd8 17. Ne3 Qc5 (17... g6 $17) 18. Ncd5 $2
(18. h4 $142 $5 $15) 18... Nxd5 $19 19. exd5 Bd7 20. c4 bxc4 (20... Qd4 $5 21.
Qb3 Bg5 $19) 21. Rxc4 $15 Qb5 (21... Qa7 22. Bg4 $15) 22. Rxc8 (22. Rb4 Qa5 $11
) 22... Rxc8 23. Re2 (23. Qd2 Qc5 24. Be2 a5 $15) 23... a5 (23... Qa5 24. Rc2
$17) 24. Rc2 $15 Rb8 (24... Rxc2 25. Qxc2 Bd8 26. Be2 $15) 25. g3 $11 Rb7 26.
Bg4 g6 27. Bxd7 Qxd7 28. Qd2 Rb5 29. h4 Kg7 30. Rc6 Qb7 31. Nc4 {
Looking at d6. Attacking the isolated pawn on a5} a4 $4 (31... Qa7 32. Kf1 h5
33. Nxd6 Bxd6 34. Rxd6 $11) 32. Nxd6 $4 (32. h5 $142 Qd7 33. hxg6 fxg6 34. Nb6
$18) 32... Bxd6 $11 33. Rxd6 Rxb2 34. Qc3 Rb1+ 35. Kh2 Qe7 36. Qc6 Rb2 37. Kg2
Rd2 $4 (37... h5 38. Qc5 Rb7 39. Rc6 Qxc5 40. Rxc5 $11) 38. Rd7 (38. Qc5 $142
Qe8 39. Qc7 $18) 38... Qf6 $11 (38... Qxa3 39. Qc7 Qf8 40. Rd8 Qxd8 41. Qxd8
$18) 39. Qxf6+ Kxf6 40. Ra7 Rxd5 41. Rxa4 Rd2 42. Kf3 Ke6 43. Ra6+ Kd5 44. a4
h5 45. g4 (45. Rf6 e4+ 46. Ke3 Rd3+ 47. Kf4 Ra3 $11) 45... Rb2 (45... e4+ 46.
Kg3 $11) 46. gxh5 gxh5 47. a5 Rb3+ 48. Kg2 f5 49. Rh6 Ke4 50. Rxh5 Ra3 51. Rg5
Kf4 52. Rg6 Rxa5 53. h5 Ra7 54. h6 Rh7 55. Rg3 Rxh6 56. Ra3 Rg6+ 57. Kf1 Rd6
58. Ke2 Rd4 59. Rb3 e4 60. Ra3 Rb4 61. Rc3 Rd4 62. Ra3 Rd3 63. Ra8 Rb3 64. Rg8
Rb2+ 65. Ke1 e3 66. fxe3+ Kxe3 67. Rg3+ Ke4 68. Ra3 f4 69. Rc3 Kf5 70. Ra3 Kg4
71. Rc3 Kf5 72. Kf1 Kg4 73. Ra3 1/2-1/2

[Event "U of W Open"]
[Site "?"]
[Date "1977.04.02"]
[Round "3"]
[White "Narver, G."]
[Black "Bailey, B."]
[Result "1-0"]
[WhiteElo "1711"]
[BlackElo "2038"]
[Annotator "Stockfish 12 (15s)"]
[PlyCount "75"]

{C27: Vienna Game: 2...Nf6 3 Bc4 Nxe4} 1. e4 e5 2. Nc3 Nf6 3. Bc4 Nxe4 4. Qh5
Nd6 5. Bb3 Nc6 6. Nb5 g6 7. Qf3 f5 8. Qd5 Qe7 9. Nxc7+ Kd8 10. Nxa8 b6 11. d3
Bb7 12. h4 f4 13. Qf3 Nd4 14. Qg4 Bxa8 15. Nh3 $146 (15. Bd2 N6f5 (15... Bh6
16. O-O-O N6f5 17. Kb1 Qc5 18. Nh3 Nxb3 19. axb3 Nd4 20. Bc3 b5 21. Ng5 Bd5 22.
Ne4 Qb6 23. Bxd4 Qxd4 24. Rhe1 Kc7 25. c3 Qb6 26. c4 Be6 27. Qe2 Bg7 28. Nc3
bxc4 29. bxc4 Kb8 30. Rc1 {
Jacoby,G (2226)-Jarnuczak,D (2020) Pinneberg 2005 1-0 (42)}) 16. c3 Nxb3 (16...
h5 17. Qxg6 Nxb3 18. axb3 Nxh4 19. Rxh4 Qxh4 20. Rxa7 Bc6 21. Nf3 Qe7 22. Ng5
Kc8 23. Nf7 Kb8 24. Qxc6 {
1/2-1/2 (24) Kuipers,E (2263)-Janssen,R (2484) Dieren 2004}) 17. axb3 d6 18.
Qg5 Kc8 19. Qxe7 Bxe7 20. Rxa7 Bxg2 21. Rh2 Bb7 22. h5 Nh4 23. hxg6 Rg8 24.
Rxb7 Kxb7 25. gxh7 Rxg1+ 26. Ke2 f3+ 27. Ke3 Rg4 {
0-1 (27) Alkaersig,O (2170)-Lindfeldt,J (2230) Aarhus 1998}) (15. c3 N4f5 16.
Bd2 h5 17. Qh3 Bh6 18. O-O-O e4 19. dxe4 Nxe4 20. Qf3 Nxh4 21. Rxh4 Qxh4 22.
Nh3 Rf8 23. Re1 Qe7 24. Bc2 d5 25. Bxf4 Bxf4+ 26. Nxf4 Kc8 27. Qe3 Qd6 28. Nd3
Kb8 29. f3 Nf6 {
Wustefeld,E (2280)-Erdogdu,M (2400) Wijk aan Zee 2005 1/2-1/2 (54)}) (15. c3
$142 N4f5 16. Nf3 $11) 15... Qf6 $4 (15... N4f5 $142 16. Ng5 h5 $11) 16. c3 $16
h5 17. Qg5 Qxg5 18. Nxg5 Bxg2 $4 (18... Nxb3 $142 19. axb3 Bxg2 $18) 19. Rg1 (
19. cxd4 $142 Bxh1 20. dxe5 $18) 19... Nxb3 $2 (19... Nf3+ $142 $5 20. Nxf3
Bxf3 $14) 20. axb3 $16 Bc6 21. Rxa7 (21. d4 Bg7 22. Ke2 exd4 23. Bxf4 Re8+ 24.
Kd3 Be5 $16) 21... Rg8 $2 (21... Be7 $142 22. Ke2 Rg8 $16) 22. Ra6 $4 (22. d4
$142 Bg7 23. c4 Kc8 $18) 22... b5 $4 (22... Kc7 23. d4 exd4 24. Ra7+ (24. cxd4
$143 Kb7 25. Ra4 f3 $15) 24... Kb8 25. Ra2 $11) 23. Ne6+ Ke7 (23... dxe6 24.
Rxc6 {Deflection}) 24. Nxf8 Kxf8 25. d4 Nf5 26. dxe5 Nxh4 27. Kd1 $4 (27. Ke2
$142 Nf3 28. Rd1 Nxe5 29. Bxf4 Bf3+ 30. Ke1 Bxd1 31. Kxd1 $11) 27... g5 $19 28.
e6 (28. c4 $142 Nf3 29. Rh1 Nxe5 30. Rxc6 dxc6 31. Rxh5 $19) 28... Rg7 $4 (
28... Bf3+ $142 29. Ke1 dxe6 30. Bxf4 gxf4 31. Rxg8+ Kxg8 32. Rxe6 Kf7 $19) 29.
Bxf4 $1 $18 Bf3+ (29... gxf4 30. Rxg7 {Combination}) 30. Kc1 Ng2 31. Be5 Rh7 (
31... Rg8 32. exd7 Ke7 $18) 32. exd7 Rxd7 33. Rf6+ Rf7 34. Rxf3 $1 Rxf3 35.
Rxg2 Rf5 36. Bd4 Kf7 37. Be3 h4 (37... g4 $18) 38. Rxg5 (38. Rxg5 Ke6 39. Rg6+
Ke5 40. Rh6 $18) 1-0

[Event "U of W Open"]
[Site "?"]
[Date "1977.04.03"]
[Round "4"]
[White "Bailey, B."]
[Black "Macfarland, J."]
[Result "0-1"]
[WhiteElo "2038"]
[BlackElo "2109"]
[Annotator "Stockfish 12 (15s)"]
[PlyCount "104"]

{C90: Closed Ruy Lopez with 7...d6: Early deviations} 1. e4 e5 2. Nf3 Nc6 3.
Bb5 a6 4. Ba4 Nf6 5. O-O Be7 6. Re1 b5 7. Bb3 O-O 8. d3 d6 9. c3 Na5 10. Bc2 c5
11. Nbd2 Qc7 12. Nf1 Bd7 13. Bg5 h6 14. Bh4 (14. Bxf6 Bxf6 15. Ne3 Be6 16. Nd5
Bxd5 17. exd5 Qb7 18. b4 cxb4 19. cxb4 e4 20. Rb1 Qxd5 21. Rxe4 Nb7 22. d4 Rac8
23. Qd3 Qc4 24. Qxc4 Rxc4 25. Bb3 Rc3 26. Ree1 a5 27. Bd5 Nd8 28. bxa5 Ra3 {
Lee Heng Jun-Zainal Fahrah,A (2050) Ho Chi Minh City 2003 1/2-1/2 (46)}) 14...
Rfe8 $146 (14... Be6 15. Ne3 (15. h3 b4 16. Ne3 bxc3 17. bxc3 Rfb8 18. d4 cxd4
19. cxd4 Rb2 20. Bd3 Qb6 21. Re2 Rxe2 22. Qxe2 exd4 23. Nd5 Bxd5 24. exd5 Kf8
25. Re1 Qd8 26. Nxd4 Nxd5 27. Qf3 Nf6 28. Nf5 Ra7 29. Nxe7 Rxe7 {
Kengis,E (2445)-Korzubov,P (2470) Vilnius 1984 1-0 (41)}) 15... Rac8 16. a3 Nc6
17. Bb3 Qb7 18. Bd5 Bxd5 19. exd5 Nd8 20. c4 bxc4 21. dxc4 Qd7 22. Qc2 g6 23.
b4 Nb7 24. Rab1 Nh5 25. Bxe7 Qxe7 26. g3 f5 27. Nh4 Qf6 28. Qa4 Rc7 29. Qxa6 {
Small,G (2226)-Taylor,T (2404) Los Angeles 2002 0-1 (41)}) 15. Ne3 Nc6 (15...
Be6 16. a3 $11) 16. Rc1 (16. Bxf6 Bxf6 17. Nd5 $16) 16... g5 $2 (16... Be6 $142
$5 $11) 17. Bg3 $16 Qb6 18. Nd5 (18. h4 g4 19. Nh2 Qd8 $16) 18... Qa7 (18...
Qd8 19. a4 $16) 19. Qd2 (19. h4 Bg4 20. hxg5 hxg5 $18) 19... Be6 (19... Bg4 $5
20. Nxg5 Nxd5 21. Nxf7 Nf6 $16) 20. Nxe7+ Qxe7 21. Nxg5 $4 (21. d4 $142 Bd7 22.
h4 $16) 21... hxg5 $17 22. Qxg5+ Kh8 23. Bh4 $2 (23. f4 $142 Nh7 24. Qxe7 Rxe7
25. f5 $17) 23... Nh7 $19 24. Qh5 f6 25. Re3 Rg8 26. Bd1 (26. Rf1 Qf7 27. Qxf7
Bxf7 $19) 26... Raf8 (26... Qf7 27. Qxf7 Bxf7 28. a3 $19) 27. Bg3 (27. Rg3 a5
$19) 27... Qf7 (27... Qg7 28. a4 $19) 28. Qh4 (28. Qxf7 Rxf7 29. a4 b4 $19)
28... Qg7 29. f4 (29. Qh5 f5 30. exf5 Rxf5 $19) 29... f5 (29... Ne7 30. Bh5 f5
31. Rf1 $19) 30. exf5 Rxf5 (30... Ne7 31. f6 Rxf6 32. fxe5 $19) 31. Rc2 (31.
fxe5 Nxe5 32. Bb3 Ng6 $19) 31... Bxa2 (31... Ne7 $142 32. Rf2 $19) 32. fxe5 Bb3
(32... Nxe5 33. Rf2 Rxf2 34. Kxf2 $19) 33. Rd2 $4 (33. Rf2 $142 Rxf2 34. Bxb3
$11) 33... Bxd1 $19 34. Rxd1 Nxe5 35. Rde1 (35. d4 cxd4 36. Rxd4 Rgf8 $19)
35... Ng6 (35... Rgf8 $5 36. b3 $19) 36. Qe4 (36. Qh3 Rf6 $19) 36... Qd7 (36...
Rf6 $142 37. Rf1 Rxf1+ 38. Kxf1 $19) 37. d4 $4 (37. Qe6 $142 Rg7 38. Qxd7 Rxd7
39. Ra1 $17) 37... Nf6 (37... Ng5 38. Qc2 cxd4 39. cxd4 $19) 38. Qd3 (38. Qc2
Nh5 39. Bxd6 cxd4 40. cxd4 $19) 38... c4 39. Qe2 (39. Qd2 d5 $19) 39... Nd5 (
39... Nh5 $142 40. Rf3 Ngf4 41. Qf2 $19) 40. Re6 (40. Re8 a5 $19) 40... Ngf4
41. Qc2 (41. Rh6+ Kg7 42. Qg4+ Kxh6 43. Qxg8 $19) 41... Rh5 (41... Nxe6 42.
Qxf5 Ndc7 43. d5 $16) 42. Qd1 Rh7 43. Qf3 Nxe6 44. Qxd5 Ng7 (44... Ng5 $142 45.
Bxd6 Rhg7 46. Rf1 $19) 45. Be5 (45. Qxd6 Qxd6 46. Bxd6 Re8 $19) 45... Rh6 46.
Bf4 (46. h3 Rf8 $19) 46... Rh5 (46... Rg6 $142 47. Bd2 $19) 47. Be5 (47. Qxd6
Qxd6 48. Bxd6 Kh7 $19) 47... Kh7 48. Qe4+ (48. Qxd6 Qxd6 49. Bxd6 a5 $19) 48...
Qf5 49. Bxd6 Qxe4 50. Rxe4 Re8 51. Be5 Ne6 52. Bd6 Kg6 0-1